00780nam a22002417a 450000500170000001000110001702000220002803500110005003700160006104000120007708200110008910000350010024500780013526000430021327000120025630000250026865000320029365000270032570000300035294200210038299900190040395201160042220170124110126.0 a738018 c00.00a0192745220 a738018 aCen Lib/Ret aDPLbEN aNbSTE aStevenson, Robert Louis930437 aKidnapped /cby Robert louis Stevenson; illustration by Victor G. Ambrus  aLondon bOxford unversity press c1974 bLondon  avii,220p. c22cm(Hb) aEnglish literature 9113213 aAdventure novel931562 aAmbrus, Victor G.9113214 2ddccENhNmSTE  c131351d131351 00104070aLbLd2015-07-14eCen Lib/Retg0.00l0oN STEp738018r2015-07-14 00:00:00t1v0.00w2016-09-15yEN